Typing Test - African countries in 75 seconds - Statistics

General Stats
  • This quiz has been taken 1,569 times
    1,506 since last reset
  • The average score is 31 of 54
Answer Stats
Hint Answer % Correct
Algeria algeria
98%
Angola angola
96%
Benin benin
95%
Botswana botswana
91%
Cameroon cameroon
88%
Chad chad
88%
Burkina Faso Burkina faso
86%
Burundi burundi
86%
Cape Verde cape verde
84%
Egypt egypt
84%
Comoros comoros
79%
Gabon gabon
73%
Ghana Ghana
73%
Central African Republic central african republic
72%
Eritrea eritrea
72%
Guinea guinea
71%
Ethiopia ethiopia
70%
Gambia gambia
70%
Mali mali
69%
Kenya kenya
68%
Malawi malawi
65%
Djibouti djibouti
64%
Libya Libya
64%
Liberia Liberia
62%
Niger niger
61%
Lesotho Lesotho
60%
Morocco morocco
59%
Nigeria nigeria
57%
Guinea-Bissau Guinea-bissau
55%
Mauritania mauritania
53%
Democratic Republic of Congo democratic republic of congo
52%
Equatorial Guinea equatorial guinea
52%
Namibia namibia
52%
Mauritius mauritius
50%
Madagascar madagascar
49%
Cote d'Ivoire cote d'ivoire
46%
Rwanda rwanda
45%
Mozambique mozambique
43%
Sudan sudan
40%
Senegal Senegal
39%
Somalia somalia
39%
Togo togo
38%
South Africa south africa
36%
South Sudan south sudan
35%
Seychelles seychelles
34%
Sierra Leone sierra leone
32%
Tunisia tunisia
32%
Zambia zambia
32%
Uganda uganda
30%
Republic of congo Republic of congo
28%
Tanzania tanzania
27%
Zimbabwe zimbabwe
25%
Swaziland swaziland
24%
Sao Tome and Principe sao tome and principe
23%
No matching quizzes found
Score Distribution
Percent of People with Each Score
Percentile by Number Answered
Your Score History
You have not taken this quiz since the last reset